000 00565nam a2200229Ia 4500
003 OSt
005 20221005120227.0
006 a|||||r|||| 00| 0
007 ta
008 221004b |||||||| |||| 00| 0 kan d
024 _a60863
037 _cTextual
040 _aCRL
_cCRL
_bkan
041 _2kan
_akan
082 _aO33,3NPR2,1, L1
100 _aPrabhakar Au.
_9628805
245 0 _aDharmamchara
260 _c1971
650 _aKANNAD FICTION
942 _hO33,3NPR2,1, L1
_cTEXL
_2cc
999 _c1037279
_d1037279